00397nam a22001457a 4500003000400000005001700004008004100021020001800062040002200080082001800102100002400120245005000144260003800194300001900232OSt20220929233832.0220929b |||||||| |||| 00| 0 eng d a959-262-005-9 cBiblioteca Lado V a748.62bM425i aMateo, Davideautor aIncursión en el Grabado Cubano/b1949-1997/ aCubabArtecubano Ediciones c2001 a182p.c21x21cm